000 01055nam a2200241Ia 4500
008 130821s2003 ck a gr spa
020 _a9588109965
040 _aCo-BoUCM
_bspa
041 0 0 _aspa
100 1 _aDelgado, Álvaro
_997587
245 1 3 _aEl sindicalismo bogotano del nuevo siglo
_cÁlvaro Delgado
260 _aBogotá (Colombia)
_bAlcaldía Mayor
_c2003
300 _a256 páginas
_bilustraciones, cuadros, tablas
504 _aIncluye bibliografía e índice general.
650 0 4 _aEconomía del trabajo
_926481
650 0 4 _aEmpresas privadas
_zBogotá (Colombia)
_ySiglo XXI
_914135
650 0 4 _aSindicalismo
_zBogotá (Colombia)
_ySiglo XXI
_924443
650 0 4 _aSindicatos
_xAspectos políticos
_zBogotá (Colombia)
_ySiglo XXI
_924445
650 0 4 _aTrabajo
_vAspectos sociales
_zBogotá (Colombia)
_ySiglo XXI
_925581
710 1 _aBogotá (Colombia).
_bAlcaldia Mayor.
_bInstituto Distrital Cultura y Turismo.
_bObservatorio de Cultura Urbana
_9139682
942 _cLIBRO
_a7
_e1
_mD352s
_2DEWEY
_h331.8
999 _c66775
_d66775